000 01161nam a2200217Ia 4500
999 _c36370
_d36370
001 2282
003 GE_BSU
005 20190430155711.0
008 181216s||||||||ge |||||||||||||| ||geo||
040 _cGE_BSU
041 _ageo
080 _a616.5(075.8)+616.97(075.8) ს–34
100 _aსაყვარელიძე, დ.
_9550
245 _aკანისა და ვენერიული დაავადებანი :
_bსახელმძღვანელო სამედ. ინ – ტის სტუდენტებისათვის /
_cდ. საყვარელიძე; [რეცენზენტები: პროფ. დ. გედევანიშვილი, დოც. კ. მაღრაძე. რედაქტორი პროფ. დ. ჭოჭუა].
264 _aთბილისი:
_bგანათლება,
_c1971.
300 _a493 გვ. :
_bსურ., ილ.;
_c19სმ.
653 _aმედიცინა
653 _aკანის დაავადებები
653 _aვენერიული დაავადებები
942 _cBK
_2udc